|
|
|
|
| LEADER |
01361ppm a22002658a 4500 |
| 001 |
00040557 |
| 005 |
20171208141217.0 |
| 008 |
150323s2014 ||||||viesd |
| 041 |
0 |
# |
|a vie
|
| 082 |
1 |
4 |
|a 515
|b R203L
|
| 100 |
1 |
# |
|a Lê, Thị Kim Thoa
|
| 245 |
0 |
0 |
|b Luận văn thạc sĩ Khoa học giáo dục. Chuyên ngành: Lí luận và phương pháp dạy học bộ môn toán. Mã số: 60 14 01 11
|c Lê Thị Kim Thoa;Nguyễn Dương Hoàng (hướng dẫn)
|a Rèn luyện các phẩm chất trí tuệ cho học sinh thông qua dạy học giải bài tập hệ phương trình và hệ bất phương trình – Đại số 10 nâng cao
|
| 260 |
# |
# |
|a Đồng Tháp
|b Đại học Đồng Tháp
|c 2017
|
| 300 |
# |
# |
|a 94 tr. +phụ lục
|c 30cm.
|e 1 bản tóm tắt
|
| 500 |
# |
# |
|a ĐTTTS ghi: Bộ giáo dục và đào tạo. Trường Đại học Đồng tháp
|
| 653 |
# |
# |
|a Giáo dục
|
| 653 |
# |
# |
|a Trí tuệ
|
| 653 |
# |
# |
|a Phương trình
|
| 653 |
# |
# |
|a Giải tích
|
| 653 |
# |
# |
|a Luận Văn
|
| 653 |
# |
# |
|a Phương pháp luận
|
| 700 |
1 |
# |
|a Nguyễn, Dương Hoàng
|e hướng dẫn
|
| 852 |
# |
# |
|j LV.0001682
|j LV.0001324
|
| 910 |
|
|
|d 08/12/2017
|
| 980 |
# |
# |
|a Trung tâm Học liệu Lê Vũ Hùng, Trường Đại học Đồng Tháp
|